| 000 | 01075nam a22002295a 4500 | ||
|---|---|---|---|
| 003 | OSt | ||
| 005 | 20170117121003.0 | ||
| 008 | 170116s2015 ua frb 000 0 ara d | ||
| 015 | _22015/19462 | ||
| 020 | _a9789770478974 | ||
| 040 |
_aEG-ScBUE _bara _cEG-ScBUE _dEG-ScBUE |
||
| 082 | 0 | 4 |
_a341 _bف و ل _222 |
| 100 | 1 | _aفولي، أحمد حسن. | |
| 245 | 1 | 2 |
_aالقانون الدولي العام : _bنشأته وتطوره - مصادره - أشخاصه، فلسفة الالتزام بقواعده - النظام القانوني الدولي للمياه -المسئولية الدولية - العلاقات الدبلوماسية والقنصلية - التسوية السلمية للمنازعات الدولية / _cأحمد حسن فولي. |
| 260 |
_aالقاهرة : _bدار النهضه العربية، _c2015. |
||
| 300 |
_a540 ص. ؛ _c24 سم. |
||
| 504 | _aيشتمل على إرجاعات ببليوجرافية. | ||
| 650 | 0 |
_aالقانون الدولي العام. _2BUEsh |
|
| 651 | _2BUEsh | ||
| 653 |
_bLLAAWW _cJanuary2017 |
||
| 942 | _2ddc | ||
| 999 |
_c23953 _d23925 |
||